| 000 | 00623nam a2200169 a 4500 | ||
|---|---|---|---|
| 001 | 000031204 | ||
| 005 | 20200930062754.0 | ||
| 008 | 110614s1911 dr 000 | spa d | ||
| 040 |
_aDO-SdBNP _bspa _cBNPHU |
||
| 082 |
_axxx _bP581f |
||
| 100 | 1 |
_aPiantini M., José _957671 |
|
| 245 | 1 | 3 |
_aLa fiebre tifoidea en Santo Domingo / _cJosé Piantini M. |
| 260 |
_aSanto Domingo : _bImprenta Sanabia, _c1911. |
||
| 300 |
_a37 p. : _bdiagr. ; _c23 cm. |
||
| 502 | _aTesis para optar por la licenciatura en el Instituto Profesional de Santo Domingo. Facultad de medicina. Año académico de 1910 a 1911, número 4. | ||
| 049 | _aBNPD | ||
| 999 |
_c30696 _d30696 |
||